مكتبة جامعة عجلون الوطنية

فهرس بحث المكتبة

Normal view MARC view
  • الجامعات والكليات -- تصاميم ومخططات

Entry Topical Term

Number of records used in: 1

001 - CONTROL NUMBER

  • control field: 52187

003 - CONTROL NUMBER IDENTIFIER

  • control field: JO-AjAnu

005 - DATE AND TIME OF LATEST TRANSACTION

  • control field: 20230606082559.0

008 - FIXED-LENGTH DATA ELEMENTS

  • fixed length control field: 230606|| aca||aabn | a|a d

040 ## - CATALOGING SOURCE

  • Original cataloging agency: JO-AjAnu
  • Transcribing agency: JO-AjAnu

150 ## - HEADING--TOPICAL TERM

  • Topical term or geographic name entry element: الجامعات والكليات -- تصاميم ومخططات

670 ## - SOURCE DATA FOUND

  • Source citation: Work cat.: (JO-AjAnu)26670: إعداد محمد ذياب الملكاوي؛ إشراف رزق شعبان, author 52186, التصميم المعماري لقاعات المحاضرات بالتركيز على الخواص الصوتية